50 Biggest Cities in Florida - Statistics

General Stats
  • This quiz has been taken 21 times
  • The average score is 20 of 50
Answer Stats
# Pop. City % Correct
1 1,038,787 Jacksonville
94%
2 509,107 Miami
94%
4 348,347 Orlando
94%
9 208,666 Tallahassee
94%
3 427,538 Tampa
94%
35 92,873 Daytona Beach
82%
10 194,579 Fort Lauderdale
76%
6 271,017 St. Petersburg
76%
24 116,545 Clearwater
71%
8 241,873 Hialeah
71%
7 251,819 Cape Coral
65%
14 151,942 Gainesville
65%
12 162,199 Hollywood
59%
5 284,448 Port St. Lucie
59%
30 104,232 Boca Raton
53%
28 106,233 Fort Myers
53%
18 132,860 West Palm Beach
53%
41 87,544 Kissimmee
47%
38 88,181 Melbourne
47%
45 83,639 Miami Beach
47%
23 118,537 Miami Gardens
47%
11 183,446 Pembroke Pines
47%
19 130,544 Lakeland
41%
15 147,600 Miramar
41%
13 152,950 Palm Bay
35%
21 121,174 Pompano Beach
35%
22 119,338 Brandon
29%
16 144,121 Coral Springs
29%
27 115,062 Davie
29%
29 104,997 Plantation
29%
44 84,405 Boynton Beach
24%
36 92,373 Deerfield Beach
24%
31 103,746 Deltona
24%
26 115,233 Palm Coast
24%
25 116,251 Riverview
24%
39 88,433 Homestead
18%
32 101,643 Sunrise
18%
37 89,185 The Villages
18%
43 87,331 Doral
12%
46 82,190 Largo
12%
47 79,255 Kendall
6%
17 136,762 Lehigh Acres
6%
33 101,564 North Port
6%
20 123,474 Spring Hill
6%
50 76,828 St. Cloud
6%
34 93,819 Alafaya
0%
49 77,773 Lauderhill
0%
42 87,384 Pine Hills
0%
40 88,414 Town 'n' Country
0%
48 78,397 Wesley Chapel
0%
No matching quizzes found
Score Distribution
Percent of People with Each Score
Percentile by Number Answered
Your Score History
You have not taken this quiz